El maravilloso mundo de los animales / (Registro nro. 11462)

Detalles MARC
000 -LEADER
fixed length control field 00988nam a22002897a 4500
001 - CONTROL NUMBER
control field 000691
003 - CONTROL NUMBER IDENTIFIER
control field DO-SdBNP
005 - DATE AND TIME OF LATEST TRANSACTION
control field 20160920100953.0
007 - PHYSICAL DESCRIPTION FIXED FIELD--GENERAL INFORMATION
fixed length control field 000691
008 - FIXED-LENGTH DATA ELEMENTS--GENERAL INFORMATION
fixed length control field 151217b 1999 sp c 00| 0 spa d
020 ## - INTERNATIONAL STANDARD BOOK NUMBER
International Standard Book Number 8482981706 (obra completa)
020 ## - INTERNATIONAL STANDARD BOOK NUMBER
International Standard Book Number 8482981803 (v. 9)
020 ## - INTERNATIONAL STANDARD BOOK NUMBER
International Standard Book Number 8482981897 (O.C.)
040 ## - CATALOGING SOURCE
Original cataloging agency BPMSU
Language of cataloging spa
Transcribing agency BPMSU
092 ## - LOCALLY ASSIGNED DEWEY CALL NUMBER (OCLC)
Classification number xxxxx
Item number xxxxx
240 1# - UNIFORM TITLE
Uniform title <a href="Vie sauvage /">Vie sauvage /</a>
245 03 - TITLE STATEMENT
Title El maravilloso mundo de los animales /
Statement of responsibility, etc. traducción Olga Delgado, Jacqueline Gerday
260 ## - PUBLICATION, DISTRIBUTION, ETC. (IMPRINT)
Place of publication, distribution, etc. Madrid :
Name of publisher, distributor, etc. National geographic,
-- RBA publicaciones,
Date of publication, distribution, etc. 1999.
300 ## - PHYSICAL DESCRIPTION
Extent v. :
Other physical details retrato
Dimensions 30 cm.
500 ## - GENERAL NOTE
General note La biblioteca solamente posee el volumen 9.
505 2# - FORMATTED CONTENTS NOTE
Formatted contents note v. 9 --
Miscellaneous information Mamíferos en su hábitat --
Title Suricata --
-- Tejón --
-- Tigue --
-- Visón --
-- Zorro --
-- Ballena --
-- Delfín --
-- Orca --
-- Manatí --
700 12 - ADDED ENTRY--PERSONAL NAME
Personal name Delgado, Olga
Relator term trad.
700 12 - ADDED ENTRY--PERSONAL NAME
Personal name Gerday, Jacqueline
Relator term trad.
910 ## - USER-OPTION DATA (OCLC)
User-option data 00260
942 ## - ADDED ENTRY ELEMENTS (KOHA)
Source of classification or shelving scheme Dewey Decimal Classification
Koha item type Libros
956 ## - LOCAL ELECTRONIC LOCATION AND ACCESS (OCLC)
Host name Yngrid Lockward
Access number 10
Existencias
Withdrawn status Lost status Source of classification or shelving scheme Damaged status Not for loan Collection code Home library Current library Date acquired Source of acquisition Total Checkouts Barcode Date last seen Price effective from Koha item type
    Dewey Decimal Classification     Colección General Biblioteca Pública Metropolitana Salomé Ureña Biblioteca Pública Metropolitana Salomé Ureña 09/20/2016 Fundi   BPMSU16090430 09/20/2016 09/20/2016 Libros